| 000 | 01144cam a22002054a 4500 | ||
|---|---|---|---|
| 005 | 20250605164000.0 | ||
| 008 | 250528s ||||||||||||||||||||||||d | ||
| 035 | _a15598 | ||
| 020 | _a879093021 | ||
| 040 |
_aGR-AtMCL _bgre _dGR-AtMCL _eAACR2 |
||
| 245 | 1 | _aFundamentals of Structured Programming Using Fortran with SF/K and WATFIV-S | |
| 260 |
_bReston Publishing Company, _c1977 |
||
| 300 | _a354 | ||
| 520 | _aThis book is intended to form the basis of an introductory course in computing. Introduction to Programming, The Computer, SF/1: Programs that Calculate and Print, SF/2: Variables and Assignments, SF/3: Control Flow, Structuring Control Flow, SF/4: Alphabetic Information Handling, SF/5: Arrays, Structuring Your Attack on the Problem, SF/6: Controlling Input and Output, The Computer Can Read English, SF/7: Subprograms, Modular Programming, Searching and Sorting, SF/8: Files and Records, Data Structures, Scientific Calculations, Numerical Methods, Programming Language Compilers, Bibliography, Index. | ||
| 700 | 1 |
_aHolt R.C _91563 |
|
| 700 | 1 |
_aHume J.N.P _91564 |
|
| 942 | _cBK | ||
| 999 |
_c1168 _d1168 |
||